000 00511nam a2200229Ia 4500
003 OSt
005 20220924142654.0
006 a|||||r|||| 00| 0
007 ta
008 ASM
024 _a302932
037 _cTextual
040 _aARTS
_cARTS
_bASM
041 _2ASM
_aASM
082 _aY:351, 158L6
100 _aSharma
_9101321
245 0 _aNariya rajar pariya
260 _c1976
650 _aSOCIOLOGY
942 _hY:351, 158L6
_cTEXL
_2CC
999 _c451597
_d451597